Score 0/20 Timer 04:00
2 Plays Today
Question Answer Wrong Answers
Which Best Picture film is not a musical? Gladiator
98.9%
Chicago
0.2%
The Sound of Music
0.2%
Oliver!
0.5%
Which Best Picture film has a single word title? Titanic
90.2%
The Shape of Water
3.5%
All the King's Men
1%
Terms of Endearment
0.5%
Which Best Picture film stars the director? Braveheart
85.5%
An American in Paris
3.1%
A Man for All Seasons
3.6%
Patton
3.5%
Which Best Picture film is a biopic? Amadeus
85.4%
Birdman
6.3%
How Green Was My Valley?
2.1%
West Side Story
2.2%
Which Best Picture film contains the line, 'They call me Mister Tibbs'? In the Heat of the Night
84.7%
Tom Jones
3.8%
Ordinary People
3.9%
Lawrence of Arabia
4.3%
Which Best Picture film takes place entirely in the United States? Annie Hall
82.8%
Shakespeare in Love
1.9%
My Fair Lady
8%
Hamlet
2.7%
Which Best Picture film does not star Meryl Streep? Chariots of Fire
82.3%
Kramer vs Kramer
1.5%
Out of Africa
3%
The Deer Hunter
10.4%
Which Best Picture film is a silent film? Wings
80.8%
A Beautiful Mind
0.6%
From Here to Eternity
9%
The Best Years of Our Lives
3.5%
Which Best Picture film was directed by Steven Spielberg? Schindler's List
80.8%
One Flew Over the Cuckoo's Nest
5.9%
Million Dollar Baby
5.1%
The King's Speech
5.7%
Which Best Picture film was on AFI's 100 Years...100 Movies list? Forrest Gump
77.7%
Gigi
5.1%
The Broadway Melody
7.5%
Cimarron
2.7%
Which Best Picture film has scenes in Africa? The English Patient
76.8%
The Godfather
0.6%
The Bridge on the River Kwai
19.6%
Slumdog Millionaire
2.6%
Which Best Picture film takes place in the 19th Century? The Life of Emile Zola
73.9%
Driving Miss Daisy
10.3%
Return of the King
6.7%
Casablanca
6.9%
Which Best Picture film was released in the 1980s? The Last Emperor
72%
Rebecca
1.3%
American Beauty
9.6%
The Sting
15.7%
Which Best Picture film has different actors play the same character? Moonlight
71.3%
Spotlight
17%
Rain Man
3.8%
Dances with Wolves
5.9%
Which Best Picture film stars Morgan Freeman? Unforgiven
66.1%
The French Connection
14%
Ben-Hur
1.7%
The Hurt Locker
15.4%
Which Best Picture film won a Best Acting award? On the Waterfront
60.9%
Platoon
9%
Rocky
15.3%
Argo
11.4%
Which Best Picture film did not win a Best Directing award? Crash
58.7%
All About Eve
9.9%
It Happened One Night
10%
The Godfather Part II
17.6%
Which Best Picture film was released in the 1960s? The Apartment
56.6%
12 Years a Slave
2.9%
The Artist
7.5%
The Greatest Show on Earth
27.4%
Which Best Picture film has the longest run time? Gone with the Wind
50.5%
Gandhi
39.4%
Midnight Cowboy
1.8%
The Departed
7.2%
Which Best Picture film has the shortest run time? Marty
40.5%
All Quiet on the Western Front
35.1%
No Country for Old Men
11.2%
The Silence of the Lambs
12.2%
Remove Ads.
Support Sporcle.
Get the best of Sporcle when you Go Orange. This ad-free experience offers more features, more stats, and more fun while also helping to support Sporcle. Thank you for becoming a member.

You're not logged in!

Compare scores with friends on all Sporcle quizzes.
OR
Log In

Show Comments

Extras

Top Quizzes Today


Score Distribution

Your Account Isn't Verified!

In order to create a playlist on Sporcle, you need to verify the email address you used during registration. Go to your Sporcle Settings to finish the process.

Report this User

Report this user for behavior that violates our Community Guidelines.

Details: